000
00272nam a2200109 4500
008
160623b xxu||||| |||| 00| 0 eng d
100
_9
687
_a
Horan, D.J
245
_a
Infanticide
260
_a
Utah
_b
Brigham Young University
_c
1982
300
_a
Infanticide
942
_2
ddc
_c
BK
999
_c
554
_d
554